[Event "BL2-Sued 2324"]
[Site "Germany"]
[Date "2024.03.17"]
[Round "10.3"]
[White "Faerber, David"]
[Black "Schmider, Niklas"]
[Result "1-0"]
[WhiteElo "2375"]
[BlackElo "2395"]
[PlyCount "79"]
[EventDate "2023.10.21"]
[EventType "team-tourn"]
[EventRounds "10"]
[EventCountry "GER"]
[SourceTitle "EXT 2025"]
[Source "ChessBase"]
[SourceDate "2024.10.14"]
[SourceVersion "1"]
[SourceVersionDate "2024.10.14"]
[SourceQuality "1"]
[WhiteTeam "Walldorf"]
[BlackTeam "Baden-Baden II"]
[WhiteTeamCountry "GER"]
[BlackTeamCountry "GER"]

1. e4 e5 2. Nf3 Nc6 3. Bb5 a6 4. Ba4 Nf6 5. 0-0 Bc5 6. c3 b5 7. Bb3 d6 8. a4 Bg4 9. h3 Bxf3 10. Qxf3 Na5 11. Bc2 b4 12. Rd1 b3 13. Bd3 0-0 14. Be2 d5 15. d3 h6 16. Qg3 Kh8 17. Qxe5 Nc6 18. Qf5 Ne7 19. Qf3 Ng6 20. Nd2 Re8 21. g3 Qe7 22. Bf1 dxe4 23. Nxe4 Ne5 24. Qf5 Nxe4 25. Qxe4 f5 26. Qg2 Ng6 27. d4 Bd6 28. Bd3 Qf7 29. Bd2 f4 30. Re1 Rf8 31. Rad1 f3 32. Qh2 Nh4 33. Re4 Nf5 34. Bf4 Rae8 35. g4 Rxe4 36. Bxe4 Nh4 37. Bxd6 cxd6 38. Qxd6 Re8 39. Bd5 Qa7 40. c4 1-0

[Event "BL2-Sued 2324"]
[Site "Germany"]
[Date "2023.12.03"]
[Round "4.5"]
[White "Neuman, Petr"]
[Black "Faerber, David"]
[Result "1/2-1/2"]
[WhiteElo "2384"]
[BlackElo "2375"]
[PlyCount "35"]
[EventDate "2023.10.21"]
[EventType "team-tourn"]
[EventRounds "10"]
[EventCountry "GER"]
[SourceTitle "EXT 2025"]
[Source "ChessBase"]
[SourceDate "2024.10.14"]
[SourceVersion "1"]
[SourceVersionDate "2024.10.14"]
[SourceQuality "1"]
[WhiteTeam "Bad Mergentheim"]
[BlackTeam "Walldorf"]
[WhiteTeamCountry "GER"]
[BlackTeamCountry "GER"]

1. d4 d5 2. c4 c6 3. cxd5 cxd5 4. Bf4 Nc6 5. e3 Nf6 6. Nc3 a6 7. Bd3 Bg4 8. Nge2 e6 9. 0-0 Be7 10. Rc1 0-0 11. Na4 Rc8 12. a3 Nd7 13. b4 e5 14. dxe5 Ndxe5 15. f3 Be6 16. Nd4 Nxd3 17. Qxd3 Nxd4 18. exd4 1/2-1/2

[Event "BL2-Sued 2324"]
[Site "Germany"]
[Date "2023.12.02"]
[Round "3.5"]
[White "Faerber, David"]
[Black "Wenninger, Philipp"]
[Result "1-0"]
[WhiteElo "2375"]
[BlackElo "2374"]
[PlyCount "113"]
[EventDate "2023.10.21"]
[EventType "team-tourn"]
[EventRounds "10"]
[EventCountry "GER"]
[SourceTitle "EXT 2025"]
[Source "ChessBase"]
[SourceDate "2024.10.14"]
[SourceVersion "1"]
[SourceVersionDate "2024.10.14"]
[SourceQuality "1"]
[WhiteTeam "Walldorf"]
[BlackTeam "Heilbronn"]
[WhiteTeamCountry "GER"]
[BlackTeamCountry "GER"]

1. Nf3 Nf6 2. g3 g6 3. b3 Bg7 4. Bb2 d5 5. Bg2 c5 6. c4 d4 7. b4 0-0 8. 0-0 Re8 9. bxc5 e5 10. d3 Nfd7 11. Ba3 Qc7 12. Nbd2 Nxc5 13. Ng5 h6 14. Nge4 Nba6 15. Rb1 Rb8 16. Nxc5 Nxc5 17. Bxc5 Qxc5 18. Qa4 Bg4 19. Rfe1 Re7 20. Ne4 Qc7 21. Qxa7 b6 22. Qxc7 Rxc7 23. Rb2 Ra7 24. Reb1 Be6 25. Nc5 Bf5 26. Ne4 Bf8 27. Nf6+ Kg7 28. Nd5 Bc5 29. Bf3 Re8 30. g4 Be6 31. Nxb6 Bxb6 32. Rxb6 Rxa2 33. R6b2 Rxb2 34. Rxb2 f5 35. gxf5 gxf5 36. Bc6 Rc8 37. Rb6 Kf7 38. f4 e4 39. Rb7+ Kf6 40. Rb6 Ke7 41. Kf2 e3+ 42. Kf1 Rc7 43. Bf3 Ra7 44. c5 Rc7 45. Rb4 Rxc5 46. Rxd4 Ra5 47. Rb4 Bf7 48. Rb7+ Kf6 49. Rb6+ Kg7 50. Kg2 Rc5 51. Kg3 Ra5 52. Kh4 Ra4 53. Rb5 Kf6 54. Kg3 Ra6 55. Re5 Re6 56. Bd5 Rd6 57. Bxf7 1-0

[Event "BL2-Sued 2324"]
[Site "Germany"]
[Date "2023.10.21"]
[Round "1.4"]
[White "Faerber, David"]
[Black "Diaz Camallonga, Carles"]
[Result "0-1"]
[WhiteElo "2375"]
[BlackElo "2481"]
[PlyCount "64"]
[EventDate "2023.10.21"]
[EventType "team-tourn"]
[EventRounds "10"]
[EventCountry "GER"]
[SourceTitle "EXT 2025"]
[Source "ChessBase"]
[SourceDate "2024.10.14"]
[SourceVersion "1"]
[SourceVersionDate "2024.10.14"]
[SourceQuality "1"]
[WhiteTeam "Walldorf"]
[BlackTeam "Schoenaich"]
[WhiteTeamCountry "GER"]
[BlackTeamCountry "GER"]

1. e4 e6 2. d4 d5 3. Nd2 a6 4. Ngf3 c5 5. exd5 exd5 6. Be2 Nc6 7. 0-0 cxd4 8. Nb3 Bd6 9. Nbxd4 Nf6 10. Bg5 0-0 11. c4 Re8 12. Rc1 Nxd4 13. Nxd4 Be5 14. Rc2 dxc4 15. Nf3 Qxd1 16. Rxd1 Bf5 17. Rxc4 Bxb2 18. Bf1 b5 19. Rc6 Ne4 20. Be3 Rec8 21. Rxc8+ Rxc8 22. Nd4 Rd8 23. f3 Nc3 24. Re1 Bd7 25. Nb3 Re8 26. Kf2 Nxa2 27. Bd4 Rxe1 28. Kxe1 Bxd4 29. Nxd4 Kf8 30. Kd2 Ke7 31. Nc2 Kd6 32. Bd3 h6 0-1

[Event "Baden Baden op"]
[Site "Baden-Baden"]
[Date "2023.02.19"]
[Round "4"]
[White "Faerber, David"]
[Black "Dyachuk, Artem"]
[Result "1-0"]
[WhiteElo "2379"]
[BlackElo "2126"]
[PlyCount "87"]
[EventDate "2023.02.17"]
[EventType "swiss"]
[EventRounds "9"]
[EventCountry "GER"]
[SourceTitle "CBM 212 Extra"]
[Source "ChessBase"]
[SourceDate "2023.03.31"]
[SourceVersion "1"]
[SourceVersionDate "2023.03.31"]
[SourceQuality "1"]

1. e4 c6 2. d4 d5 3. Nd2 dxe4 4. Nxe4 Nf6 5. Nxf6+ exf6 6. Bc4 Bd6 7. Qe2+ Qe7 8. Qxe7+ Kxe7 9. Ne2 Re8 10. Bf4 Bxf4 11. Nxf4 Kf8+ 12. Ne2 Nd7 13. Bd3 g6 14. 0-0-0 f5 15. c4 Nf6 16. f3 Bd7 17. Nc3 h5 18. h4 Kg7 19. Rhe1 Nh7 20. Ne2 Nf8 21. Nf4 Kh6 22. Kd2 f6 23. g3 Rad8 24. Rxe8 Rxe8 25. Re1 Rxe1 26. Kxe1 Be8 27. Kf2 Bf7 28. Ke3 Nd7 29. b3 Kg7 30. Ne2 Kf8 31. Nc3 Ke7 32. Be2 g5 33. f4 gxh4 34. gxh4 Nf8 35. d5 c5 36. Bf3 Ke8 37. Nb5 Kd7 38. Nxa7 Bg6 39. Nb5 Bf7 40. Nc3 Be8 41. Kf2 Ng6 42. Bxh5 Nxf4 43. Bxe8+ Kxe8 44. Na4 1-0

[Event "GER-chT Lands U20"]
[Site "Neumuenster"]
[Date "2021.10.04"]
[Round "5.2"]
[White "Krastev, Alexander"]
[Black "Faerber, David"]
[Result "1/2-1/2"]
[WhiteElo "2393"]
[BlackElo "2318"]
[PlyCount "68"]
[EventDate "2021.10.01"]
[EventType "team-swiss"]
[EventRounds "7"]
[EventCountry "GER"]
[SourceTitle "CBM 204 Extra"]
[Source "ChessBase"]
[SourceDate "2021.11.30"]
[SourceVersion "1"]
[SourceVersionDate "2021.11.30"]
[SourceQuality "1"]
[WhiteTeam "Nordrhein Westfalen"]
[BlackTeam "Baden"]
[WhiteTeamCountry "GER"]
[BlackTeamCountry "GER"]

1. e4 c5 2. Nf3 d6 3. d4 cxd4 4. Qxd4 Nc6 5. Qe3 g6 6. Be2 Bg7 7. 0-0 Nf6 8. h3 0-0 9. c4 Qb6 10. Qxb6 axb6 11. Nc3 Be6 12. Be3 Nd7 13. Rfc1 Nc5 14. Nd2 Nb4 15. Bxc5 bxc5 16. a3 Nc6 17. Rab1 Nd4 18. Bd3 Bh6 19. Rd1 Bxh3 20. Nd5 Rae8 21. b4 cxb4 22. gxh3 Bxd2 23. Kg2 Bg5 24. Rxb4 Rb8 25. f4 Bh4 26. Rdb1 Ne6 27. Kf3 Nc5 28. Bc2 e6 29. Nb6 Bf6 30. Rb5 Be7 31. a4 Rfd8 32. a5 Bf8 33. Rd1 Kg7 34. Ke3 h6 1/2-1/2

[Event "GER-chT Lands U20"]
[Site "Neumuenster"]
[Date "2021.10.02"]
[Round "1.6"]
[White "Faerber, David"]
[Black "Degenhard, Simon"]
[Result "1-0"]
[WhiteElo "2318"]
[BlackElo "2220"]
[PlyCount "79"]
[EventDate "2021.10.01"]
[EventType "team-swiss"]
[EventRounds "7"]
[EventCountry "GER"]
[SourceTitle "CBM 204 Extra"]
[Source "ChessBase"]
[SourceDate "2021.11.30"]
[SourceVersion "1"]
[SourceVersionDate "2021.11.30"]
[SourceQuality "1"]
[WhiteTeam "Baden"]
[BlackTeam "Wuerttemberg"]
[WhiteTeamCountry "GER"]
[BlackTeamCountry "GER"]

1. e4 e5 2. Nf3 Nc6 3. Bb5 a6 4. Ba4 Nf6 5. 0-0 b5 6. Bb3 Bb7 7. d3 Be7 8. c4 0-0 9. Nc3 b4 10. Nd5 d6 11. Bd2 a5 12. a3 bxa3 13. bxa3 Nd7 14. Ba4 Nc5 15. Rb1 Nd4 16. Bc2 Bc6 17. Be3 Bf6 18. h3 Re8 19. Re1 h6 20. Nc3 Qd7 21. Nd5 Qd8 22. Nxd4 exd4 23. Bd2 Bxd5 24. cxd5 Qd7 25. Qg4 Qxg4 26. hxg4 g5 27. g3 c6 28. Rb6 Rec8 29. Rxc6 Rxc6 30. dxc6 Kf8 31. c7 Rc8 32. Bxa5 Ne6 33. Rc1 Nxc7 34. Bd1 Bd8 35. Bb6 Ke7 36. Bxd4 Ra8 37. a4 d5 38. exd5 Nxd5 39. Bf3 Rxa4 40. Bc5+ 1-0

[Event "GER-chT Lands U20"]
[Site "Neumuenster"]
[Date "2021.10.02"]
[Round "2.2"]
[White "Stelmaszyk, Nico"]
[Black "Faerber, David"]
[Result "1/2-1/2"]
[WhiteElo "2311"]
[BlackElo "2318"]
[PlyCount "85"]
[EventDate "2021.10.01"]
[EventType "team-swiss"]
[EventRounds "7"]
[EventCountry "GER"]
[SourceTitle "CBM 204 Extra"]
[Source "ChessBase"]
[SourceDate "2021.11.30"]
[SourceVersion "1"]
[SourceVersionDate "2021.11.30"]
[SourceQuality "1"]
[WhiteTeam "Niedersachsen"]
[BlackTeam "Baden"]
[WhiteTeamCountry "GER"]
[BlackTeamCountry "GER"]

1. e4 c5 2. c3 d5 3. exd5 Qxd5 4. d4 g6 5. Nf3 Bg7 6. Na3 cxd4 7. Nb5 Na6 8. Nbxd4 Nf6 9. Bb5+ Bd7 10. Bxd7+ Qxd7 11. Ne5 Qd5 12. Qa4+ Nd7 13. Nxd7 Qxd7 14. Qxd7+ Kxd7 15. Be3 Rhc8 16. 0-0-0 Ke8 17. Nb5 b6 18. Rhe1 Nc7 19. a4 Ne6 20. Kc2 a6 21. Nd4 Bxd4 22. Bxd4 Nxd4+ 23. Rxd4 Rc5 24. Red1 Rc7 25. Rh4 h5 26. Rdd4 Rd8 27. Kd3 e5 28. Rxd8+ Kxd8 29. Rb4 Rc6 30. Ke4 f6 31. Kd3 Rd6+ 32. Ke2 Kc7 33. g4 hxg4 34. Rxg4 g5 35. h4 gxh4 36. Rxh4 Kc6 37. Rh8 Kd5 38. Rc8 a5 39. Ke3 f5 40. c4+ Ke6 41. Re8+ Kf6 42. Rf8+ Ke6 43. Re8+ 1/2-1/2

[Event "GER-ch Net blitz sf"]
[Site "Playchess.com INT"]
[Date "2021.06.05"]
[Round "6"]
[White "Faerber, David"]
[Black "Braun, Christian1"]
[Result "0-1"]
[WhiteElo "2175"]
[BlackElo "2323"]
[PlyCount "120"]
[EventDate "2021.06.05"]
[EventType "swiss (blitz)"]
[EventRounds "13"]
[EventCountry "GER"]
[SourceTitle "EXT 2023"]
[Source "ChessBase"]
[SourceDate "2022.10.05"]
[SourceVersion "1"]
[SourceVersionDate "2022.10.05"]
[SourceQuality "1"]

1. e4 e6 2. d4 d5 3. exd5 exd5 4. Nf3 Nc6 5. Bb5 Bd6 6. c3 Nge7 7. 0-0 0-0 8. Re1 Bg4 9. Bg5 f6 10. Bh4 Ng6 11. Bg3 Nce7 12. Nbd2 c6 13. Bxd6 Qxd6 14. Bf1 Rfe8 15. Qc2 Bf5 16. Bd3 Qd7 17. Bxf5 Qxf5 18. Qxf5 Nxf5 19. g3 Kf7 20. Rxe8 Rxe8 21. Re1 Ra8 22. h4 h5 23. Re2 Nd6 24. Ne1 Nf8 25. Nd3 Ne6 26. Kg2 a5 27. a3 a4 28. Kf1 b6 29. Nb4 Rc8 30. Kg2 Nf5 31. Kf1 Ne7 32. Nc2 c5 33. Nf3 Nf5 34. Rd2 Rd8 35. Ke2 Ke7 36. Ne3 Nxe3 37. Kxe3 Kd6 38. Kd3 g5 39. Rd1 g4 40. Nd2 f5 41. f4 gxf3 42. Nxf3 Rg8 43. Rg1 f4 44. gxf4 Rxg1 45. Nxg1 Nxf4+ 46. Kd2 Ke6 47. Nf3 c4 48. Ne5 Kf5 49. Nf7 Kg4 50. Nh6+ Kxh4 51. Ke3 Nd3 52. Nf5+ Kg4 53. Ne7 Nf4 54. Kf2 h4 55. Kg1 Kf3 56. Nc8 Kg3 57. Nxb6 h3 58. Nd7 h2+ 59. Kh1 Nh3 60. Nf6 Nf2# 0-1

[Event "GER-ch Net blitz sf"]
[Site "Playchess.com INT"]
[Date "2021.06.05"]
[Round "5"]
[White "Meissner, Felix"]
[Black "Faerber, David"]
[Result "0-1"]
[WhiteElo "2398"]
[BlackElo "2175"]
[PlyCount "88"]
[EventDate "2021.06.05"]
[EventType "swiss (blitz)"]
[EventRounds "13"]
[EventCountry "GER"]
[SourceTitle "EXT 2023"]
[Source "ChessBase"]
[SourceDate "2022.10.05"]
[SourceVersion "1"]
[SourceVersionDate "2022.10.05"]
[SourceQuality "1"]

1. e4 c6 2. Nc3 d5 3. Qe2 d4 4. Nd1 e5 5. d3 c5 6. g3 Nc6 7. f4 Bd6 8. Nf3 Qc7 9. f5 Bd7 10. Nf2 0-0-0 11. a3 f6 12. g4 Nge7 13. g5 fxg5 14. Nxg5 Rdf8 15. Bh3 Nd8 16. Rg1 g6 17. Ne6 Nxe6 18. fxe6 Bb5 19. Bh6 Re8 20. b3 Kb8 21. Ng4 Ng8 22. Rf1 Rxe6 23. Bd2 Re8 24. Nh6 Nxh6 25. Bxh6 Bf8 26. Qd2 Bxh6 27. Qxh6 Qe7 28. 0-0-0 Rhf8 29. a4 Bc6 30. Kb2 a6 31. Bg4 b5 32. axb5 axb5 33. Ra1 Kb7 34. Qd2 Rxf1 35. Rxf1 Rf8 36. Ra1 b4 37. Qh6 Rf2 38. h4 Bb5 39. Kb1 Rh2 40. h5 Qf7 41. hxg6 Qf1+ 42. Kb2 Qxa1+ 43. Kxa1 Rxh6 44. g7 Rg6 0-1

[Event "GER-chT Online Liga 1 GpA"]
[Site "Playchess.com INT"]
[Date "2021.03.23"]
[Round "7.1"]
[White "Faerber, David"]
[Black "Saraci, Nderim"]
[Result "0-1"]
[WhiteElo "2319"]
[BlackElo "2415"]
[PlyCount "72"]
[EventDate "2021.01.22"]
[EventType "team-tourn (rapid)"]
[EventRounds "7"]
[EventCountry "GER"]
[SourceTitle "EXT 2022"]
[Source "ChessBase"]
[SourceDate "2021.10.06"]
[SourceVersion "1"]
[SourceVersionDate "2021.10.06"]
[SourceQuality "1"]
[WhiteTeam "Walldorf"]
[BlackTeam "Ludwigshafen"]
[WhiteTeamCountry "GER"]
[BlackTeamCountry "GER"]

1. e4 g6 2. d4 Bg7 3. Nc3 d6 4. Be3 a6 5. h4 Nf6 6. Qd2 b5 7. Bd3 Ng4 8. h5 Nc6 9. h6 Bf6 10. Nd5 Bxd4 11. Bxb5 axb5 12. Bxd4 e5 13. Be3 Nxe3 14. Nxe3 0-0 15. Ne2 b4 16. Nd5 Ba6 17. c3 bxc3 18. bxc3 Bc4 19. 0-0 Ra5 20. Nb4 Qa8 21. Rfc1 Nd8 22. Ng3 Ne6 23. Rd1 Nf4 24. Qe3 Bxa2 25. Nf5 Re8 26. Ng7 Rf8 27. Nf5 Kh8 28. Nxd6 cxd6 29. Qd2 Qxe4 30. f3 Ne2+ 31. Kf2 Qh4+ 32. Kxe2 Bc4+ 33. Nd3 Rxa1 34. Rxa1 e4 35. fxe4 Qxe4+ 36. Kf2 Qxd3 0-1

[Event "GER-ch U18"]
[Site "Willingen"]
[Date "2020.10.23"]
[Round "6"]
[White "Faerber, David"]
[Black "Richter, Nils"]
[Result "1/2-1/2"]
[WhiteElo "2321"]
[BlackElo "2290"]
[PlyCount "59"]
[EventDate "2020.10.19"]
[EventType "swiss"]
[EventRounds "7"]
[EventCountry "GER"]
[SourceTitle "EXT 2022"]
[Source "ChessBase"]
[SourceDate "2021.10.06"]
[SourceVersion "1"]
[SourceVersionDate "2021.10.06"]
[SourceQuality "1"]

1. e4 c5 2. Nf3 e6 3. d4 cxd4 4. Nxd4 Nc6 5. Nc3 Qc7 6. g3 a6 7. Bg2 Nf6 8. 0-0 Nxd4 9. Qxd4 Bc5 10. Bf4 d6 11. Qd2 h6 12. Rad1 e5 13. Be3 Bxe3 14. fxe3 Be6 15. Qxd6 Rc8 16. Rf2 Ng4 17. Qxc7 Rxc7 18. Rfd2 Ke7 19. Nd5+ Bxd5 20. exd5 Kd6 21. Re2 Rhc8 22. c3 b5 23. Bh3 h5 24. e4 a5 25. a3 b4 26. Bxg4 hxg4 27. cxb4 axb4 28. Rd3 Rc2 29. Rxc2 Rxc2 30. Rb3 1/2-1/2

[Event "GER-ch U18"]
[Site "Willingen"]
[Date "2020.10.22"]
[Round "4"]
[White "Faerber, David"]
[Black "Knuedel, Torben"]
[Result "1-0"]
[WhiteElo "2321"]
[BlackElo "2211"]
[PlyCount "153"]
[EventDate "2020.10.19"]
[EventType "swiss"]
[EventRounds "7"]
[EventCountry "GER"]
[SourceTitle "EXT 2022"]
[Source "ChessBase"]
[SourceDate "2021.10.06"]
[SourceVersion "1"]
[SourceVersionDate "2021.10.06"]
[SourceQuality "1"]

1. e4 e5 2. Nf3 Nc6 3. Bb5 a6 4. Ba4 Nf6 5. 0-0 Be7 6. Re1 b5 7. Bb3 0-0 8. a4 Bb7 9. d3 d6 10. Bd2 Qd7 11. Nc3 Na5 12. Ba2 c5 13. axb5 axb5 14. Bg5 b4 15. Bxf6 Bxf6 16. Nd5 Bd8 17. Nd2 Nc6 18. Nc4 Ra6 19. Nce3 g6 20. Bc4 Rxa1 21. Qxa1 Kg7 22. Ba6 f5 23. Bxb7 Qxb7 24. f3 fxe4 25. dxe4 Qb5 26. Qd1 Bh4 27. Nc7 Qb6 28. Ned5 Qa7 29. Rf1 Rc8 30. Ne6+ Kg8 31. f4 c4+ 32. Kh1 h5 33. f5 Nd4 34. g3 Bd8 35. Nxd8 Rxd8 36. fxg6 Rf8 37. Rxf8+ Kxf8 38. Qxh5 Qg7 39. Qg4 Qh6 40. Qc8+ Kg7 41. Qd7+ Kxg6 42. Qxd6+ Kh7 43. Qxh6+ Kxh6 44. c3 bxc3 45. bxc3 Nf3 46. Ne3 Nd2 47. Ng4+ Kg5 48. Nxe5 Kf6 49. Ng4+ Ke6 50. e5 Kf5 51. h3 Ne4 52. Kg2 Nxc3 53. Ne3+ Kxe5 54. Nxc4+ Kd4 55. Nd2 Nd5 56. Kf3 Ke5 57. Nc4+ Kd4 58. Nd2 Ke5 59. h4 Kf6 60. Nc4 Ne7 61. g4 Ng6 62. Kg3 Ne7 63. Ne3 Ke5 64. h5 Ke4 65. Nc4 Kd5 66. Nd2 Ke5 67. Nf3+ Kf6 68. Kh4 Nc6 69. g5+ Kf5 70. h6 Kg6 71. Kg4 Ne7 72. Ne5+ Kh7 73. Kh5 Nd5 74. g6+ Kg8 75. Kg5 Ne7 76. Nf7 Kf8 77. h7 1-0